| 000 | 01789cam a22003974i 4500 | ||
|---|---|---|---|
| 003 | PE-LiUPU | ||
| 005 | 20250731184058.0 | ||
| 008 | 150623s1996 xxua r 000 0 eng d | ||
| 020 | _a0931464943 | ||
| 035 | _a(Sirsi) i9780931464942 | ||
| 040 |
_aPE-LiUPU _bspa _cPE-LiUPU _erda |
||
| 049 | _aPRUA | ||
| 082 | 0 | 4 |
_a892.1 _bL22 _221 |
| 100 | 1 |
_aLambert, Wilfred G., _eautor. |
|
| 245 | 1 | 0 |
_aBabylonian wisdom literature / _cWilfred G. Lambert. |
| 264 | 1 |
_aWinona Lake, Indiana : _bEisenbrauns, _c1996. |
|
| 300 |
_a358 páginas : _bilustraciones 75 láms. ; _c29 centímetros |
||
| 336 |
_atext _2rdacontent |
||
| 337 |
_aunmediated _2rdamedia |
||
| 338 |
_avolume _2rdacarrier |
||
| 505 | 0 | _aIntroductory essay -- The poem of the righteous sufferer -- The Babylonian theodicy -- Precepts and admonitions -- Preceptive hymns -- The dialogue of pessimism -- Fables or contest literature -- Popular sayings -- Proverbs -- Critical and philological notes on chapter 2-8 -- Addenda -- Index of published texts -- Index of words discussed -- List of cuneiform tablets -- Cuneiform texts. | |
| 526 | _aP145 | ||
| 526 | _aP127 | ||
| 526 | _aP97 | ||
| 526 | _aP14 | ||
| 526 | _aP07 | ||
| 650 | 1 | 4 | _aLiteratura asiro-babilónica. |
| 650 | 2 | 4 |
_aLiteratura asiro-babilónica _xTraducciones al inglés. |
| 650 | 2 | 4 | _aLiteratura de sabiduría. |
| 942 |
_2ddc _cBOOK |
||
| 949 |
_a892.1 L22 _wDEWEY _c1 _i44963 _lCCODEBUL1 _mBUL _r0 _sY _tBOOK _u2015-6-24 _xTEOLOGIA _PP35 _0COMPRA _o.STAFF. Colección Teología |
||
| 994 |
_aC0 _bPEPRU |
||
| 596 | _a1 | ||
| 999 |
_a892.1 L22 _wDEWEY _c21839 _i44963 _d21839 _f2021-11-11 _g5 _lCCODEBUL1 _mBUL _p30.00 _q1 _r0 _sY _tBOOK _u2015-6-24 _xTEOLOGIA _PP35 _0COMPRA _o.STAFF. Colección Teología |
||
| 980 |
_81 _gALBERTO SANCHEZ Responsable de Automatización |
||